| 000 | 00588nam a22001697a 4500 | ||
|---|---|---|---|
| 003 | OSt | ||
| 005 | 20251126090056.0 | ||
| 008 | 251126b |||||||| |||| 00| 0 eng d | ||
| 040 |
_aDWC-Main Lib. _cOC |
||
| 082 | _aSC. 808.81 S161w 2011 | ||
| 100 | _aSalazar, Rodrigo E. | ||
| 245 |
_aWithin white-washed walls and oh doctor! : _ba treasured collection of the poems of the late Dr. Rodrigo E. Salazar/ _cRodrigo E. Salazar |
||
| 260 |
_a[Legazpi City] : _bRoderick R. C. Salazar III, _cc2011. |
||
| 300 |
_a73 p. ; _c22 cm. |
||
| 650 | _a1. Poetry-collections. | ||
| 942 |
_2ddc _cSC _kSC. _n0 |
||
| 999 |
_c6346 _d6346 |
||